Browse's introduction to the symptoms and signs of surgical disease / (Record no. 333)
[ view plain ]
| 000 -LEADER | |
|---|---|
| fixed length control field | 01375pam a22003254a 4500 |
| 001 - CONTROL NUMBER | |
| control field | 14206728 |
| 003 - CONTROL NUMBER IDENTIFIER | |
| control field | OSt |
| 005 - DATE AND TIME OF LATEST TRANSACTION | |
| control field | 20140811154520.0 |
| 008 - FIXED-LENGTH DATA ELEMENTS--GENERAL INFORMATION | |
| fixed length control field | 051221s2005 enka 001 0 eng |
| 010 ## - LIBRARY OF CONGRESS CONTROL NUMBER | |
| LC control number | 2005285151 |
| 020 ## - INTERNATIONAL STANDARD BOOK NUMBER | |
| International Standard Book Number | 0340815809 |
| 040 ## - CATALOGING SOURCE | |
| Original cataloging agency | DLC |
| Transcribing agency | DLC |
| Modifying agency | DLC |
| 042 ## - AUTHENTICATION CODE | |
| Authentication code | pcc |
| 050 00 - LIBRARY OF CONGRESS CALL NUMBER | |
| Classification number | RD35 |
| Item number | .B74 2005 |
| 082 00 - DEWEY DECIMAL CLASSIFICATION NUMBER | |
| Classification number | 100 B816 2005 |
| Edition number | 22 |
| 245 00 - TITLE STATEMENT | |
| Title | Browse's introduction to the symptoms and signs of surgical disease / |
| Statement of responsibility, etc. | Norman L. Browse ... [et al.]. |
| 250 ## - EDITION STATEMENT | |
| Edition statement | 4th ed. |
| 260 ## - PUBLICATION, DISTRIBUTION, ETC. (IMPRINT) | |
| Place of publication, distribution, etc. | London : |
| Name of publisher, distributor, etc. | Book power formely ELST with Hodder Arnold ; |
| Date of publication, distribution, etc. | 2005. |
| 300 ## - PHYSICAL DESCRIPTION | |
| Extent | vii, 486 p. : |
| Other physical details | col. ill. ; |
| Dimensions | 25 cm. |
| 500 ## - GENERAL NOTE | |
| General note | Rev. ed. of: An Introduction to the symptoms and signs of surgical disease / Norman L. Browse. 3rd ed. 1997. |
| 500 ## - GENERAL NOTE | |
| General note | Includes index. |
| 650 #0 - SUBJECT ADDED ENTRY--TOPICAL TERM | |
| Topical term or geographic name as entry element | Diagnosis, Surgical. |
| 9 (RLIN) | 872 |
| 700 1# - ADDED ENTRY--PERSONAL NAME | |
| Personal name | Browse, Norman L. |
| Fuller form of name | (Norman Leslie) |
| 9 (RLIN) | 873 |
| 700 1# - ADDED ENTRY--PERSONAL NAME | |
| Personal name | Browse, Norman L. |
| Fuller form of name | (Norman Leslie) |
| Title of a work | Introduction to the symptoms and signs of surgical disease. |
| 9 (RLIN) | 874 |
| 856 42 - ELECTRONIC LOCATION AND ACCESS | |
| Materials specified | Publisher description |
| Uniform Resource Identifier | <a href="http://www.loc.gov/catdir/enhancements/fy0636/2005285151-d.html">http://www.loc.gov/catdir/enhancements/fy0636/2005285151-d.html</a> |
| 856 42 - ELECTRONIC LOCATION AND ACCESS | |
| Materials specified | Contributor biographical information |
| Uniform Resource Identifier | <a href="http://www.loc.gov/catdir/enhancements/fy0723/2005285151-b.html">http://www.loc.gov/catdir/enhancements/fy0723/2005285151-b.html</a> |
| 906 ## - LOCAL DATA ELEMENT F, LDF (RLIN) | |
| a | 7 |
| b | cbc |
| c | origcop |
| d | 2 |
| e | ncip |
| f | 20 |
| g | y-gencatlg |
| 942 ## - ADDED ENTRY ELEMENTS (KOHA) | |
| Source of classification or shelving scheme | Other/Generic Classification Scheme |
| Koha item type | Book Bank |
| Withdrawn status | Lost status | Source of classification or shelving scheme | Damaged status | Not for loan | Home library | Current library | Date acquired | Source of acquisition | Inventory number | Total Checkouts | Full call number | Barcode | Date last seen | Price effective from | Koha item type |
|---|---|---|---|---|---|---|---|---|---|---|---|---|---|---|---|
| Other/Generic Classification Scheme | MUST Main Library | MUST Main Library | 11/08/2014 | Purchase | 2006/26954 | 100 B816n 2005 | 2014-2034 | 11/08/2014 | 11/08/2014 | Book Bank | |||||
| Other/Generic Classification Scheme | MUST Main Library | MUST Main Library | 11/08/2014 | Purchase | 2006/26946 | 100 B816n 2005 | 2014-2035 | 11/08/2014 | 11/08/2014 | Book Bank | |||||
| Other/Generic Classification Scheme | MUST Main Library | MUST Main Library | 11/08/2014 | Purchase | 2006/26959 | 100 B816n 2005 | 2014-2036 | 11/08/2014 | 11/08/2014 | Book Bank | |||||
| Other/Generic Classification Scheme | MUST Main Library | MUST Main Library | 11/08/2014 | Purchase | 2006/6949 | 100 B816n 2005 | 2014-2037 | 11/08/2014 | 11/08/2014 | Book Bank | |||||
| Other/Generic Classification Scheme | MUST Main Library | MUST Main Library | 11/08/2014 | Purchase | 2006/26940 | 100 B816n 2005 | 2014-2038 | 11/08/2014 | 11/08/2014 | Book Bank | |||||
| Other/Generic Classification Scheme | MUST Main Library | MUST Main Library | 11/08/2014 | Purchase | 2006/26951 | 100 B816n 2005 | 2014-2039 | 11/08/2014 | 11/08/2014 | Book Bank | |||||
| Other/Generic Classification Scheme | MUST Main Library | MUST Main Library | 11/08/2014 | Purchase | 2006/26945 | 100 B816n 2005 | 2014-2040 | 11/08/2014 | 11/08/2014 | Book Bank | |||||
| Other/Generic Classification Scheme | MUST Main Library | MUST Main Library | 11/08/2014 | Purchase | 2006/26943 | 100 B816n 2005 | 2014-2041 | 11/08/2014 | 11/08/2014 | Book Bank | |||||
| Other/Generic Classification Scheme | MUST Main Library | MUST Main Library | 11/08/2014 | Purchase | 2006/26958 | 100 B816n 2005 | 2014-2042 | 11/08/2014 | 11/08/2014 | Book Bank | |||||
| Other/Generic Classification Scheme | MUST Main Library | MUST Main Library | 11/08/2014 | Purchase | 2006/26944 | 100 B816n 2005 | 2014-2043 | 11/08/2014 | 11/08/2014 | Book Bank | |||||
| Other/Generic Classification Scheme | MUST Main Library | MUST Main Library | 11/08/2014 | Purchase | 2006/26953 | 100 B816n 2005 | 2014-2044 | 11/08/2014 | 11/08/2014 | Book Bank | |||||
| Other/Generic Classification Scheme | MUST Main Library | MUST Main Library | 11/08/2014 | Purchase | 2006/26956 | 100 B816n 2005 | 2014-2045 | 11/08/2014 | 11/08/2014 | Book Bank | |||||
| Other/Generic Classification Scheme | MUST Main Library | MUST Main Library | 11/08/2014 | Purchase | 2006/26955 | 100 B816n 2005 | 2014-2046 | 11/08/2014 | 11/08/2014 | Book Bank | |||||
| Other/Generic Classification Scheme | MUST Main Library | MUST Main Library | 11/08/2014 | Purchase | 2006/26952 | 100 B816n 2005 | 2014-2047 | 11/08/2014 | 11/08/2014 | Book Bank | |||||
| Other/Generic Classification Scheme | MUST Main Library | MUST Main Library | 10/04/2015 | Purchase | 2006/26948 | WO 100 B816 2005 | 2015-0882 | 10/04/2015 | 10/04/2015 | Short Loan |
